000 01188nam a2200289 i 4500
001 179060
003 ES-MaACL
005 20250816085426.0
008 110825s1999 sp ao |||| |dspa d
020 _a84-7812-470-5
080 _a75.036(064.3)
080 _a73.036(064.3)
110 2 _aMuseo Municipal de Madrid
_95892
245 1 0 _aColección municipal de arte contemporáneo :
_bpintura y escultura : [exposición] salas del Museo Municipal de Madrid en Conde Duque, mayo, 1999.
260 _aMadrid :
_bMuseo Municipal de Madrid,
_c1999.
300 _a308 p. :
_bprincipalmente il. col. ;
_c27 cm.
500 _aBiografías e índice de artistas.
504 _aBibliografía: p. 302-304.
610 1 _aMadrid.
_bAyuntamiento-
_xColecciones de arte.
_9147759
650 4 _aPintura-
_yS.XX-
_vExposiciones.
_916011
650 0 _aEscultura-
_yS.XX-
_vExposiciones
_9185010
655 7 _2tgfbne
_9193628
_aCatálogos de exposiciones
710 2 _aCentro Cultural del Conde Duque.
_92579
852 _aES-MaACL
_jA-11447
_9185929
_bR.145964
_cDEPO1
_dOlim: N-4451
_xDonación: Editorial
942 _2udc
_cMONOGRAFIA
999 _c179060
_d179060